00602nam a2200229Ia 4500008004100000020001500041050001700056050002000073100002300093245001700116245003100133245002300164260001700187260002600204260000900230300001700239300002000256300001100276500002000287650003400307650003100341160418s9999 xx 000 0 und d a9710863932 aFIL DS 675.8 b.R5Z35 2003 c.2 aZaide, Gregorio F. aJose Rizal : blife, works and writings / cGregorio F. Zaide. aMandaluyong: bNational Books Store, c2003 a3187 pages : billustrations ; c22 cm. aIncludes index. aRizal, Jose P. -- Biography.  xRizal, Jose P., 1861-1896.